2004 EU enlargement lessons learned: transitional periods

Saved in:
Bibliographic Details
Main Author: Báráňová-Čiderová, Denisa, 1977-
Format: Book Chapter
Language:English
Tags: Add Tag
No Tags, Be the first to tag this record!

MARC

LEADER 00000naa$a2200000$$$4500
001 0085404
005 20240502071954.8
041 0 |a eng 
044 |a SK 
245 1 0 |a 2004 EU enlargement lessons learned: transitional periods  |c Denisa Báráňová-Čiderová 
100 1 |a Báráňová-Čiderová, Denisa, 1977-